LEADER 01184nam a2200313 a 4500 001 000000131560 003 CaOOAMICUS 005 20121123121435.0 008 121122s1992 it a u000 u ita r 040 $aPUL$bita 245 02$aI quattro pilastri della saggezza /$cBuddha; a cura di K.E. Neumann e G. De Lorenzo. 260 $aRoma :$bTEN,$c1992. 300 $a93 p. ;$c20 cm 490 1 $aCentopaginemillelire ;$v23 504 $aBibliografia in nota. 600 04$aGautama Buddha.$0(OLS)http://pul/subject/17011 700 1 $aNeumann, Karl Eugen.$0(OLS)http://pul/name/84625 700 1 $aDe Lorenzo, Giuseppe.$0(OLS)http://pul/name/84626 830 0$aCentopaginemillelire ;$v23.$0(OLS)http://pul/title/166196 850 $aPUL 852 $aPUL$W1$xDP1 Fondo E. Rossi$y115$m1 B 159$j151821$qFondi$B150776$CPULBib$Z2$F150776 $82 941 1 $a1 960 $aGautama Siddharta$917011 960 $aSiddharta$917011 960 $aBuddha$917011 961 $aSul dorso collocazione ms. di E. Rossi: B 95 1 996 $6245$aI quattro pilastri della saggezza$9(OLS)http://pul/title/166195 996 $6260$aRoma :$bTEN$9(OLS)http://pul/publisher/82179 LEADER 01469nam a2200301 a 4500 001 000000132431 003 CaOOAMICUS 005 20130125123028.0 008 130125s2006 it cb u001 u ita r 020 $a88-7228-473-2 040 $aPUL$bita 082 04$a282.092 100 1 $aMorfini, Dario.$0(OLS)http://pul/name/69417 245 10$aParrocchia e laicato cattolico nel Novecento meridionale :$bl'episcopato barese di Giulio Vaccaro (1898-1924) /$cDario Morfini. 260 $aBari :$bEdipuglia,$c2006. 300 $a599 p. :$bill., c. geogr. ;$c24 cm. 490 1 $aPer la storia della chiesa di Bari.$aStudi e materiali ;$v23 600 14$aVaccaro, Giulio,$carciv. di Bari,$d1851-1924.$0(OLS)http://pul/subject/34668 610 14$aBari (arcidiocesi)$xStoria$ySec. XIX-XX.$0(OLS)http://pul/subject/39294 830 0$aPer la storia della chiesa di Bari.$pStudi e materiali ;$v23.$0(OLS)http://pul/title/1562 850 $aPUL 852 $aPUL$W1$xDP2 Religione 3$y114$m282. 092 MORDA 1$j152394$qDDC 21$B151744$CPULBib$Z2$F151744 $H103806 $82 941 1 $a9 996 $6020$a88-7228-473-2$9(OLS)http://pul/number/151601 996 $6082$a282.092$9(OLS)http://pul/classification/402 996 $6245$aParrocchia e laicato cattolico nel Novecento meridionale :$bl'episcopato barese di Giulio Vaccaro (1898-1924)$9(OLS)http://pul/title/167311 996 $6260$aBari :$bEdipuglia$9(OLS)http://pul/publisher/48030